[Event "Gallego-ch U18"]
[Site "Pontedeume A Coruna"]
[Date "2010.02.14"]
[Round "3.3"]
[White "Pedreira Giralda, Francisco"]
[Black "Alonso Macias, Victor"]
[Result "0-1"]
[WhiteElo "1749"]
[BlackElo "1999"]
[PlyCount "58"]
[EventDate "2010.02.13"]
[EventType "swiss"]
[EventRounds "8"]
[EventCountry "ESP"]
[SourceTitle "EXT 2024"]
[Source "ChessBase"]
[SourceDate "2023.10.10"]
[SourceVersion "1"]
[SourceVersionDate "2023.10.10"]
[SourceQuality "1"]

1. d3 d5 2. Nf3 Nf6 3. g3 Bf5 4. Bg2 Nc6 5. Nbd2 Qd7 6. 0-0 Bh3 7. Re1 h5 8. Bxh3 Qxh3 9. Ng5 Qd7 10. h4 e5 11. e4 Ng4 12. exd5 Qxd5 13. Nde4 f6 14. Nf3 0-0-0 15. Be3 Be7 16. Nc3 Qd7 17. Kg2 g5 18. Qd2 Rdg8 19. Rh1 gxh4 20. Nxh4 f5 21. f4 Nxe3+ 22. Qxe3 exf4 23. Qxf4 Bd6 24. Qc4 Rxg3+ 25. Kf2 Rg4 26. Qd5 Bg3+ 27. Kf3 Bxh4 28. Qxd7+ Kxd7 29. Nd5 Nd4+ 0-1

[Event "ESP-ch U16"]
[Site "Padron"]
[Date "2008.07.22"]
[Round "4"]
[White "Pedreira Giralda, Francisco"]
[Black "Conejero Sanchez, Alvaro"]
[Result "0-1"]
[WhiteElo "1608"]
[BlackElo "1975"]
[PlyCount "94"]
[EventDate "2008.07.20"]
[EventType "swiss"]
[EventRounds "9"]
[EventCountry "ESP"]
[SourceTitle "EXT 2010"]
[Source "ChessBase"]
[SourceDate "2010.11.25"]
[SourceVersion "1"]
[SourceVersionDate "2010.11.25"]
[SourceQuality "1"]

1. Nf3 Nf6 2. g3 g6 3. Bg2 Bg7 4. 0-0 d6 5. d3 0-0 6. c4 Nbd7 7. Nc3 c6 8. Bg5 h6 9. Bd2 Qc7 10. Qc1 Kh7 11. Qc2 e5 12. Rac1 Ng8 13. b4 Ne7 14. Qb3 f5 15. e3 Nf6 16. Ne1 Be6 17. f4 exf4 18. exf4 Ng4 19. Nd1 b5 20. Bc3 bxc4 21. dxc4 Bxc3 22. Qxc3 Rab8 23. a3 Rbd8 24. Ne3 Nf6 25. N1c2 Bc8 26. Rfd1 c5 27. b5 Bb7 28. Ne1 Bxg2 29. Kxg2 Ne4 30. Qd3 Rfe8 31. Nd5 Nxd5 32. Qxd5 Re7 33. Nf3 Qa5 34. Qd3 Nf6 35. Re1 Re4 36. Nd2 Rd4 37. Nb3 Qxa3 38. Qc3 Ne4 39. Qc2 Rd7 40. Nxd4 cxd4 41. Ra1 Qc5 42. g4 d5 43. gxf5 gxf5 44. Rac1 Rg7+ 45. Kf3 d3 46. Qb2 d2 47. Rf1 dxc1Q 0-1

[Event "ESP-ch U16"]
[Site "Padron"]
[Date "2008.??.??"]
[Round "7"]
[White "Silva Rodriguez, Julio Jose"]
[Black "Pedreira Giralda, Francisco"]
[Result "0-1"]
[WhiteElo "1837"]
[BlackElo "1608"]
[PlyCount "68"]
[EventDate "2008.07.20"]
[EventType "swiss"]
[EventRounds "9"]
[EventCountry "ESP"]
[SourceTitle "EXT 2010"]
[Source "ChessBase"]
[SourceDate "2010.11.25"]
[SourceVersion "1"]
[SourceVersionDate "2010.11.25"]
[SourceQuality "1"]

1. e4 Nf6 2. Nc3 d5 3. exd5 Nxd5 4. Bc4 c6 5. Qf3 Nf6 6. h3 Nbd7 7. Ne4 Ne5 8. Nxf6+ exf6 9. Qe3 Be7 10. Bb3 0-0 11. d4 Ng6 12. Nf3 Bb4+ 13. Kd1 Re8 14. Qd3 Qe7 15. c3 Bf5 16. Qd2 Ba5 17. Re1 Qd7 18. Bc2 Rxe1+ 19. Kxe1 Re8+ 20. Kf1 Bxh3 21. Ng1 Bf5 22. Bxf5 Qxf5 23. f3 c5 24. Ne2 cxd4 25. Nxd4 Qh5 26. b3 Qh1+ 27. Kf2 Nh4 28. Kg3 Bc7+ 29. f4 g5 30. Qf2 Bxf4+ 31. Bxf4 gxf4+ 32. Qxf4 Qxa1 33. Kxh4 Qe1+ 34. Kh3 Qe3+ 0-1